[Event "GER-chT U16"]
[Site "Magdeburg"]
[Date "2023.12.30"]
[Round "7.6"]
[White "Malchereck, Romeo"]
[Black "Wegener, Moritz"]
[Result "1/2-1/2"]
[WhiteElo "1720"]
[BlackElo "1242"]
[PlyCount "74"]
[EventDate "2023.12.26"]
[EventType "team-swiss"]
[EventRounds "7"]
[EventCountry "GER"]
[SourceTitle "CB03_2024"]
[SourceDate "2024.01.17"]
[SourceVersion "1"]
[SourceVersionDate "2024.01.17"]
[SourceQuality "1"]
[WhiteTeam "Hamburger SK"]
[BlackTeam "Porz SG"]
[WhiteTeamCountry "GER"]
[BlackTeamCountry "GER"]

1. e4 b6 2. d4 Bb7 3. Bd3 e6 4. c3 d6 5. Nf3 Nd7 6. 0-0 h6 7. a4 a6 8. Re1 g6 9. b4 Bg7 10. b5 a5 11. Ba3 Ne7 12. Nbd2 e5 13. Rc1 0-0 14. Qb3 Kh7 15. dxe5 Nxe5 16. Nxe5 Bxe5 17. Nf3 Bg7 18. Nd4 Qd7 19. f3 Rab8 20. Rcd1 Be5 21. Bc4 Kg7 22. Kh1 g5 23. Bd5 Nxd5 24. exd5 Rbe8 25. Nc6 Bxc6 26. dxc6 Qe6 27. c4 Qf6 28. Rxe5 Rxe5 29. Bb2 Rfe8 30. Bxe5 Qxe5 31. h3 Qg3 32. Qc3+ Kg8 33. Qf6 Re6 34. Qf5 Kg7 35. Qd5 Kg8 36. Qd4 Kh7 37. Rg1 Kg8 1/2-1/2

[Event "GER-chT U12"]
[Site "Magdeburg"]
[Date "2019.12.28"]
[Round "4.8"]
[White "Hartl, Jan1111"]
[Black "Wegener, Moritz"]
[Result "0-1"]
[WhiteElo "1186"]
[BlackElo "1226"]
[PlyCount "114"]
[EventDate "2019.12.27"]
[EventType "team-swiss"]
[EventRounds "7"]
[EventCountry "GER"]
[SourceTitle "CBM 194 Extra"]
[Source "ChessBase"]
[SourceDate "2020.03.31"]
[SourceVersion "1"]
[SourceVersionDate "2020.03.31"]
[SourceQuality "1"]
[WhiteTeam "Kerpen SK"]
[BlackTeam "Porz SG"]
[WhiteTeamCountry "GER"]
[BlackTeamCountry "GER"]

1. e4 c5 2. Nf3 Nc6 3. Nc3 e6 4. Bc4 Nf6 5. d4 cxd4 6. Nxd4 Be7 7. Nf3 0-0 8. Bf4 a6 9. 0-0 b5 10. Be2 b4 11. Na4 Nxe4 12. Qd3 d5 13. Ne5 Nxe5 14. Bxe5 f6 15. Bf4 a5 16. f3 Nc5 17. Nxc5 Bxc5+ 18. Be3 Ba6 19. Qd2 Bxe2 20. Bxc5 Bxf1 21. Bxf8 Qb6+ 22. Kxf1 Kxf8 23. c3 Qb5+ 24. Ke1 Qc5 25. Kf1 Rb8 26. Rc1 Rc8 27. Qd3 Qc4 28. Qxc4 Rxc4 29. Ke2 Ke7 30. Kd3 bxc3 31. Rxc3 Rxc3+ 32. Kxc3 Kd6 33. f4 e5 34. g3 d4+ 35. Kc4 Ke6 36. b4 axb4 37. Kxb4 Kd5 38. a4 e4 39. Kb3 d3 40. Kc3 Kc5 41. h3 Kb6 42. g4 Ka5 43. Kb3 e3 44. Kc3 d2 45. Kc2 Kxa4 46. h4 Kb4 47. f5 Kc4 48. g5 Kd4 49. gxf6 gxf6 50. h5 Ke4 51. h6 Kf3 52. Kd3 d1Q+ 53. Kc3 e2 54. Kb2 Qd3 55. Ka2 e1Q 56. Kb2 Qee2+ 57. Kc1 Qdd1# 0-1